Quiz su Roma - Statistics

Statistiche generali
  • Questo quiz è stato fatto 56 volte
  • Il punteggio medio è 12 su 18
Statistiche sulle risposte
Indizio Risposta % Corretto
Piccolo stato collocato interamente all'interno della città Città del Vaticano
98%
Nome della celebre fontana inaugurata nel 1762 nella quale per tradizione i turisti lanciano una monetina Fontana di trevi
98%
Animale che accudì Romolo e Remo Lupa
96%
Imperatore romano accusato del grande incendio di Roma Nerone
96%
Evento sportivo ospitato nel 1960 Olimpiadi estive
94%
Capitale d'Italia e capoluogo di questa regione Lazio
92%
Piatto di pasta della tradizione romana simile alla carbonara, ma senza uovo Pasta alla gricia
77%
Soprannome dato alla città di Roma Città eterna
73%
Attore che recitò in 160 film, tra i più noti "Un americano a Roma" e "Il marchese del Grillo" Alberto Sordi
65%
Colle citato in parlamento nel 1924, dopo l'uccisione di Giacomo Matteotti Aventino
63%
Soldato sconosciuto caduto durante la Grande Guerra, sepolto nell'altare della patria Milite Ignoto
60%
Cantautore più popolare della "scuola Romana" Antonello Venditti
58%
Anno della fondazione di Roma 753 a.C.
50%
Simbolo di Roma dedicato a tutte le divinità passate, presenti e future Pantheon
44%
Regista famoso per i spaghetti-western Sergio Leone
44%
Celebre via che sfocia su Piazza di Spagna nota per i negozi di lusso Via dei Condotti
35%
Unica città gemellata con Roma Parigi
29%
Famoso marchio di gioielleria amato da Elizabeth Taylor Bulgari
15%
Nessun quiz corrispondente trovato
Distribuzione punteggi
Percentuale di utenti per punteggio
Percentile per numero di risposta
I tuoi punteggi nel tempo
Non hai fatto questo quiz